00493nam a2200157Ia 4500008004100000020002200041050001900063100002200082245006000104250001200164260002300176300002000199504003200219600003000251650005400281120626s9999 xx 000 0 und d a978-89-252-2258-0 aTH145 S33 2009 aSchmitt, Heinrich aP Tratado de construcción / Heinrich Schmitt, Andreas a8a. ed. aEspaña : G. Gili a709 p. ; 30 cm. aBibliografía : p. 699-701 aI. Heene, Andreas, coaut. a1.Construcción 2. Tratado de construcciónÌ